000 00641nam a22002177a 4500
003 DO-SdBNP
005 20210921101731.0
007 ta
008 210921b 2018 dr 00| 0 eng d
020 _a9789945609769
040 _aDO-SdBNP
_bspa
_cBNPHU
082 4 _aBNPHU
100 1 _aPaulino Chevalier, Reynaldo,
_d1965-
_979973
245 1 0 _aPayaso al caer la tarde /
_cReynaldo Paulino Chevalier
260 _aSanto Domingo :
_bSantuario,
_c2018.
300 _a131 p. ;
_c23 cm.
500 _aIncluye datos biográficos del autor en la solapa de la cubierta
590 _aInventariado, 2021/BT
910 _aBtavárez
942 _2ddc
_cLBS1
999 _c50598
_d50598